Primer congreso sobre pacto global : (Registro nro. 11491)

Detalles MARC
000 -LEADER
fixed length control field 01057nam a2200205Ia 4500
003 - CONTROL NUMBER IDENTIFIER
control field OSt
005 - DATE AND TIME OF LATEST TRANSACTION
control field 20210414122710.0
008 - FIXED-LENGTH DATA ELEMENTS--GENERAL INFORMATION
fixed length control field 210310s2011 ck ao gr 000 0 spa d
040 ## - CATALOGING SOURCE
Original cataloging agency CO-JMCR
Transcribing agency CO-JMCR
041 0# - LANGUAGE CODE
Language code of text/sound track or separate title spa
082 04 - DEWEY DECIMAL CLASSIFICATION NUMBER
Classification number 658.408 /
Item number C653p
Edition number 23
111 2# - MAIN ENTRY--MEETING NAME
Meeting name or jurisdiction name as entry element Primer congreso sobre pacto global : y responsabilidad social dialogo entre empresa, academia y sector publico: por una sociedad responsable y sostenible (18y 19 Octubrede 2011 ;
Location of meeting Club el nogal)
9 (RLIN) 36820
245 10 - TITLE STATEMENT
Title Primer congreso sobre pacto global :
Remainder of title y responsabilidad social dialogo entre empresa, academia y sector publico: por una sociedad responsable y sostenible /
Statement of responsibility, etc. Fundación El Nogal
260 ## - PUBLICATION, DISTRIBUTION, ETC.
Place of publication, distribution, etc. Bogotá :
Name of publisher, distributor, etc. Fundación Nogal,
Date of publication, distribution, etc. 2011.
300 ## - PHYSICAL DESCRIPTION
Extent 106 páginas :
Other physical details ilusatraciones y fotográfias a color ;
Dimensions 28 cm.
505 0# - FORMATTED CONTENTS NOTE
Formatted contents note Bienvenida. -- Ponencias. -- Plenarias. -- Mesa de dialogo, academia - empresa. -- Organizadores.
650 14 - SUBJECT ADDED ENTRY--TOPICAL TERM
Topical term or geographic name entry element Responsabilidad social.
General subdivision Congreso
9 (RLIN) 25672
650 24 - SUBJECT ADDED ENTRY--TOPICAL TERM
Topical term or geographic name entry element sostenibilidad ambiental
General subdivision Congreso
9 (RLIN) 36821
942 ## - ADDED ENTRY ELEMENTS (KOHA)
Source of classification or shelving scheme Dewey Decimal Classification
Koha item type Books
Existencias
Withdrawn status Lost status Source of classification or shelving scheme Damaged status Not for loan Home library Current library Shelving location Date acquired Source of acquisition Total Checkouts Full call number Barcode Date last seen Date last checked out Copy number Price effective from Koha item type
    Dewey Decimal Classification     Biblioteca Pública José María del Castillo y Rada Biblioteca Pública José María del Castillo y Rada General Stacks 04/15/2018 Donación 1 658.408 / C653p 430000517 11/06/2024 11/05/2024 Ej.1 03/10/2021 Books